Small Business (Record no. 1071)

MARC details
000 -LEADER
fixed length control field 00382nam a2200157Ia 4500
008 - FIXED-LENGTH DATA ELEMENTS--GENERAL INFORMATION
fixed length control field 230312s9999||||xx |||||||||||||| ||und||
020 ## - INTERNATIONAL STANDARD BOOK NUMBER
International Standard Book Number 0-03-033587-6
082 ## - DEWEY DECIMAL CLASSIFICATION NUMBER
Classification number 658.022
Item number RYA
100 ## - MAIN ENTRY--PERSONAL NAME
Personal name Ryan J D
245 #0 - TITLE STATEMENT
Title Small Business
260 ## - PUBLICATION, DISTRIBUTION, ETC.
Name of publisher, distributor, etc. Thomson
Place of publication, distribution, etc. Australia
Date of publication, distribution, etc. 2003
300 ## - PHYSICAL DESCRIPTION
Extent 41`2
546 ## - LANGUAGE NOTE
Language note Eng.
650 ## - SUBJECT ADDED ENTRY--TOPICAL TERM
Topical term or geographic name entry element Accounting
Form subdivision an entrpreneur`s business plan
942 ## - ADDED ENTRY ELEMENTS (KOHA)
Koha item type BOOK
Holdings
Withdrawn status Lost status Damaged status Not for loan Home library Current library Date acquired Total Checkouts Full call number Barcode Date last seen Price effective from Koha item type
        Superior Information Resource Center (SIRC) Superior University- Main Campus Superior Information Resource Center (SIRC) Superior University- Main Campus 03/13/2023   658.022 RYA 1081 03/13/2023 03/13/2023 BOOK

Powered by Koha